Development of the Rubber industry in Taiwan, Republic of China (Record no. 57068)
[ view plain ]
| 000 -LEADER | |
|---|---|
| fixed length control field | 00396nam a2200145Ia 4500 |
| 100 ## - MAIN ENTRY--AUTHOR NAME | |
| Personal name | Wu Peter T K |
| 245 #0 - TITLE STATEMENT | |
| Title | Development of the Rubber industry in Taiwan, Republic of China |
| 650 ## - SUBJECT ADDED ENTRY--TOPICAL TERM | |
| Topical Term | Rubber chemicals |
| 650 ## - SUBJECT ADDED ENTRY--TOPICAL TERM | |
| Topical Term | rubber industry |
| 650 ## - SUBJECT ADDED ENTRY--TOPICAL TERM | |
| Topical Term | Rubber products |
| 650 ## - SUBJECT ADDED ENTRY--TOPICAL TERM | |
| Topical Term | Synthetic rubber |
| 700 ## - ADDED ENTRY--PERSONAL NAME | |
| Personal name | Tong shen-Nan |
| 942 ## - ADDED ENTRY ELEMENTS (KOHA) | |
| Koha item type | Journals |
| Withdrawn status | Lost status | Damaged status | Not for loan | Home library | Current library | Date acquired | Koha item type |
|---|---|---|---|---|---|---|---|
| Journals | RRII Library | RRII Library | 17/12/2021 | Journals |